000 00568nam a2200205Ia 4500
003 GCL
008 140319s9999 xx 000 0 ara d
040 _aGCL /
_cGCL
082 0 4 _a707
_bم ا
100 1 _aمحمود البسيونى
245 1 0 _aاسس التربية الفنية /
_cمحمود البسيونى
260 _a[S.N] :
_bعالم الكتب الحديث ،
_c1993
300 _a413 ص
490 _a
650 0 4 _aالنحت
650 0 4 _aالرسم
650 0 4 _aالتصوير
650 0 4 _aالتربية الفنية
942 _2ddc
_cBK
999 _c32701
_d32701